01335nam a22003497a 4500003000500000005001700005008004100022010000900063011001000072035001000082040000900092090001000101100004100111245016000152260004000312300001000352502007500362590003700437590004100474590004100515590004100556590004200597650002800639650003900667650004100706700003700747901000700784942001000791949004200801999001500843952012700858CHAP20220329133723.0971013s1994 r 00010 d a9944 a10916 a10154 cCHAP aTesis00aSalas Barboza, Jose Enrique.9101289 aPredicción de valores genéticos para producción de leche y análisis del comportamiento reproductivo en un hato Holstein de Ciudad Guzmán, Jalisco aChapingo, Méx. :bEl autor,c1994 a67 h. aTesis (ing. Agr. Esp. en Zootecnia) -- UACH. Departamento de Zootecnia aALEPHb10c20130110lUCH01h1226 aBATCH-UPDb10c20130110lUCH01h1659 aBATCH-UPDb10c20130410lUCH01h1047 aBATCH-UPDb10c20130914lUCH01h1511 aCONVERSIONb10c20130109lUCH01h130614aGanado Holstein.94513314aGanado lecheroxGenética.94526714aGanado lecheroxMejoramiento.9452740 aTrejo Vidaña, Félix.9114796 aBK cTESIS bBCcTESd-21553eTS1h26676i10154si c9944d9944 00102local4051708TESISaBCbBCcPA_TESISd2019-12-31fTESISl0oTesisp-21553r2019-12-31 00:00:00w2019-12-31yTESIS